000 00451nam a2200181Ia 4500
001 9613
005 20260306161731.0
008 260306t2003||||xx |||||||||||||| ||spa||
041 _aESP
082 _a382.7
_bF14
100 _aFairlie Reinoso, Alan
_eAUT
245 0 _aApertura comercial y protecciones efectivas en el Perú
260 _c2003
300 _a127 páginas :
_c21 cm.
650 _aGEN
654 _aCAN
942 _cLIB
_dJUS
_fJUS
_2ddc
_n
999 _c9613
_d9613